| 000 | 00826cam8a220022900 4500 | ||
|---|---|---|---|
| 001 | tmp15372938 | ||
| 003 | UPRA | ||
| 005 | 20190823112630.0 | ||
| 008 | 950801r1970 sw eng u | ||
| 035 | _a(Sirsi) r15096 | ||
| 035 | _a(UPRA)tmp15372938 | ||
| 040 | _cUPRA | ||
| 100 | 1 |
_aAlbertsson, Jorgen. _6A71421.1 |
|
| 245 | 1 | 4 | _aThe crystal and molecular structure of orthorhombic trisodium tris (pyridine -2, 6-dicarboxylato) ytherbiumate (III)- 14-hydrate. |
| 260 |
_aLund, _c1970. |
||
| 440 | 0 |
_aStructural studies on the rare earth carboxylates ; _vno. 4 _6S11350.1 |
|
| 500 | _aReprint from Acta Chem. Scand. v. 24 (1970) no. 4. | ||
| 650 | 0 |
_aEarths, Rare. _6S53714.1 |
|
| 830 | 0 |
_aActa chemica Scandanavia ; _vv.24 (1970) no. 4. _6S11352.1 |
|
| 949 |
_aQD172 _wlcc _i-9461 _mMAIN _tBOOK _lON-SHELF |
||
| 004 | 15096 | ||
| 999 |
_c153457 _d153457 |
||